| 000 | 00863nam a22002897a 4500 | ||
|---|---|---|---|
| 001 | 9254 | ||
| 003 | FISKH | ||
| 005 | 20260226135209.0 | ||
| 008 | 251205b cb ||||| |||| 00| 0 eng d | ||
| 020 | _a9781595152558 | ||
| 040 |
_aFISKH _beng _cFISKH _dFISKH |
||
| 050 | _aQL751.5 .M58 | ||
| 082 | _a591.5 | ||
| 100 | _aMitten, Luana | ||
| 245 |
_aAnimals together / _cby Luana K. Mitten and Mary M. Wagner |
||
| 260 |
_aMinnesota : _bRourke, _c2004. |
||
| 300 |
_a16 pages : _bcolor illustrations ; _c16 x 20 cm |
||
| 490 | _aReaders for writers | ||
| 505 | _aG | ||
| 520 | _aCompares How Some Animals Depend On Each Other For Survival While Others Remain Solitary. | ||
| 521 | 8 |
_a400
_bLexile |
|
| 521 | 8 |
_aG
_bRaz-Plus |
|
| 650 |
_aAnimals _vNon-fiction |
||
| 700 |
_aWagner, Mary M. _eAuthor |
||
| 942 |
_2ddc _cBK _n0 |
||
| 999 |
_c9254 _d9254 |
||